| 000 | 00429nam a2200145 a 4500 | ||
|---|---|---|---|
| 001 | 000031430 | ||
| 005 | 20200930062926.0 | ||
| 008 | 110622s1954 dr 000 | spa d | ||
| 040 |
_aDO-SdBNP _bspa _cBNPHU |
||
| 082 |
_axxx _bI717p |
||
| 245 | 0 | 0 | _aIrresponsible press threatens inter-american unity. |
| 260 |
_aCiudad Trujillo, República Dominicana : _bEditora del Caribe, _c1954. |
||
| 300 |
_a21 p. ; _c23 cm. |
||
| 049 | _aBNPD | ||
| 999 |
_c30922 _d30922 |
||